| 000 | 00516nam a22001937a 4500 | ||
|---|---|---|---|
| 003 | OSt | ||
| 005 | 20140310182054.0 | ||
| 008 | 130822t xxu||||| |||| 00| 0 eng d | ||
| 020 | _a9781858590257 | ||
| 050 |
_aBX 2177 _b.M875 1994 |
||
| 082 |
_aHS 248 _bM83 1994 |
||
| 100 |
_aMorris, Nancy _912320 |
||
| 245 |
_aKindly light / _cNancy Morris. |
||
| 260 |
_aEngland : _bThe Pilot Co, _c1994. |
||
| 300 |
_a138 p. ; _c18 cm. |
||
| 650 |
_aChrtistian experience, practice, life _912321 |
||
| 942 | _2lcc | ||
| 999 |
_c9068 _d9068 |
||